000 00352 a2200169 4500
001 185948
020 _a
040 _cMagnum
100 _aRey, Marcos
240 1 0 _aO rapto do garoto de ouro
_lpor
245 1 0 _aO rapto do garoto de ouro
300 _a128
362 0 _a1995
440 1 _aÁtica
697 _aLITERATURA JUVENIL
942 _cBK
999 _c185948
_d185948